[Event "Pan American-ch U20"]
[Site "Riobamba"]
[Date "2007.08.23"]
[Round "8"]
[White "Almeida Criollo, Jefferson"]
[Black "Quijano, Christian"]
[Result "1-0"]
[WhiteElo "2081"]
[BlackElo "2030"]
[PlyCount "113"]
[EventDate "2007.08.18"]
[EventType "swiss"]
[EventRounds "9"]
[EventCountry "ECU"]
[SourceTitle "CBM 120 Extra"]
[Source "ChessBase"]
[SourceDate "2007.11.01"]
[SourceVersion "1"]
[SourceVersionDate "2007.11.01"]
[SourceQuality "1"]

1. d4 Nf6 2. Nf3 e6 3. c4 Be7 4. Nc3 d5 5. Bg5 0-0 6. e3 c6 7. Rc1 Nbd7 8. Bd3 dxc4 9. Bxc4 Nd5 10. Bxe7 Qxe7 11. 0-0 N5b6 12. Bd3 e5 13. Re1 Rd8 14. Bb1 f6 15. a4 Nf8 16. h3 Be6 17. Ne4 Nbd7 18. Ng3 g6 19. Qc2 Qb4 20. Ne4 Bb3 21. Qe2 f5 22. Nc3 e4 23. Nd2 Bf7 24. f3 exf3 25. Nxf3 Re8 26. e4 fxe4 27. Nxe4 Bd5 28. Qf2 Ne6 29. Rcd1 Rf8 30. Qg3 Nf6 31. Ne5 Nh5 32. Qe3 Nhf4 33. Nd7 Rf7 34. Nef6+ Kg7 35. Nxd5 cxd5 36. Ne5 Re7 37. Ng4 Qd6 38. Rf1 h5 39. Ne5 Rf8 40. Rde1 Ree8 41. h4 Qb4 42. g3 Nxd4 43. gxf4 Nf5 44. Bxf5 Rxf5 45. Qd3 Qb6+ 46. Kh2 d4 47. Qc2 Qf6 48. Qf2 Re7 49. Qg3 Kh7 50. Nd3 Re3 51. Rxe3 dxe3 52. Qxe3 Rd5 53. Kg3 Qd8 54. Rf3 Qd7 55. Ne5 Qxa4 56. Nxg6 Qd1 57. Ne7 1-0

[Event "Pan American-ch U18"]
[Site "Cuenca"]
[Date "2006.08.??"]
[Round "7"]
[White "Quijano, Christian"]
[Black "Tapie Amione, Pablo Adib"]
[Result "1-0"]
[WhiteElo "2035"]
[BlackElo "2011"]
[PlyCount "77"]
[EventDate "2006.08.??"]
[EventType "swiss"]
[EventRounds "9"]
[EventCountry "ECU"]
[SourceTitle "EXT 2022"]
[Source "ChessBase"]
[SourceDate "2021.10.06"]
[SourceVersion "1"]
[SourceVersionDate "2021.10.06"]
[SourceQuality "1"]

1. c4 Nf6 2. Nc3 c5 3. g3 Nc6 4. Bg2 g6 5. Nf3 d6 6. 0-0 Bg7 7. d4 cxd4 8. Nxd4 Bd7 9. Nxc6 bxc6 10. Qc2 0-0 11. Rd1 Qc8 12. e4 Bh3 13. Bh1 Ng4 14. f3 Ne5 15. c5 Qa6 16. Qe2 Qxe2 17. Nxe2 dxc5 18. f4 Nc4 19. e5 Rfd8 20. Rxd8+ Rxd8 21. Kf2 Bg4 22. Nc3 Nxb2 23. Bxb2 Rd2+ 24. Ke3 Rxb2 25. Rb1 Rxb1 26. Nxb1 f6 27. exf6 Bxf6 28. Bxc6 Bd4+ 29. Kd2 Bg1 30. Ke1 Kf7 31. Kf1 Bd4 32. Nd2 e5 33. fxe5 Ke6 34. Nc4 Bxe5 35. Bd7+ Kd5 36. Nxe5 Bd1 37. Nd3 c4 38. Ke1 Ba4 39. Nf4+ 1-0